000 01334nam a2200325 i 4500
001 197972
003 ES-MaACL
005 20260306063019.0
008 251121s2025 sp a|||| |||| 001 0cspa d
017 _aM 14263-2025
_bOficina Depósito Legal Madrid
020 _a978-84-9873-585-7
040 _aES-MaACL
_bspa
_cES-MaACL
_erda
080 _a929(460.27 M.)"13/19"
100 1 _9176467
_aGonzález-Alcalde, Julio
_4aut
_eaut
245 1 0 _aTipos extraños y singulares en Madrid :
_bsiglos XIV-XX /
_cJulio González-Alcalde
264 1 _aMadrid :
_bEdiciones La Librería,
_c2025
264 4 _a©2025
300 _a303 páginas :
_bilustraciones (blanco y negro) ;
_c21 cm
336 _2rdacontent
_atexto
337 _2rdamedia
_asin mediación
338 _2rdacarrier
_avolumen
500 _aEjemplar firmado y dedicado por el autor
504 _aBibliografía: páginas 287-303. Índice
650 4 _9242887
_aEspañoles
_zMadrid
_xBiografías
852 _aES-MaACL
_cDEPO1
_jA-15969
_gDedicataria autógrafa del autor
_hDonación: Julio González-Alcalde
_xEncuadernación rústica con solapas
_9207112
942 _cMONOGRAFIA
_n0
999 _c197972
_d197972